Géographie et histoire de chine - Statistiques

Statistiques générales
  • Ce quiz a été pris 43 fois
    40 depuis la dernière actualisation
  • Le résultat moyen est 8 sur 26
Statistiques - réponses
Indice Réponse % Correct
Capitale de la Chine Pékin
88%
1ère dynastie impériale chinoise (-221 à -206) Qin
77%
Chiffre porte-malheur en Chine 4
73%
Chiffre porte-bonheur en Chine 8
73%
Le palais impériale le plus grand du monde Cité Interdite
69%
Dynastie impériale chinoise qui a régné de 1368 à 1664 Ming
69%
Dynastie impériale chinoise qui a régné de 1644 à 1912 Qing
62%
Dynastie impériale chinoise qui a régné de -206 à 220 Han
54%
Nom de la politique visant à n'avoir qu'un seul enfant par famille Politique de l'enfant unique
50%
Dynastie impériale chinoise qui a régné de 618 à 907 Tang
46%
Premier empereur de la chine unifié Qin Shi Huang
23%
Le Grand _______ de Leshan Bouddha
19%
Quel acteur a été interdit d'entrer en Chine pendant 17 ans Brad Pitt
15%
Dynastie impériale chinoise qui a régné de 1271 à 1368 Yuan
15%
Le plus grand barrage du monde Barrage des 3 gorges
12%
Le plus grand radiotéléscope du monde FAST
8%
Festivale de la ville d'Harbin Festival de glace
8%
Cimetière de prés de 8000 soldats représentant lestroupes de Qin Shi Huang L'armée de terre cuite
8%
Le Bouddha le plus grand du monde Bouddha du Temple de la Source
4%
Plage devenant rouge en Automne Plage rouge de Panjin
4%
Tunnel chinois construit par 13 villageois en 5 ans Tunnel de Guoliang
4%
Quel typhon à détruit le barrage de banqiao en 1975 Typhon Nina
4%
Le point le plus bas de chine Dépression de Tourfan
0%
Le restaurant le plus vieux du monde encore en activité Ma Yu Ching
0%
Pratique de la chine ancienne qui consistait à adopter unefille pour qu'elle épouse le fils de la famille plus tard Sim Pua
0%
Ville fantôme de maisons de luxe en Chine State Guest Mansions
0%
Aucun quiz correspondant
Distribution des résultats
% des personnes avec chaque résultat
Percentile par nombre de réponses
Votre historique - résultats
Vous n’avez pas pris ce quiz depuis la dernière actualisation